UNDERSTANDING BIOLOGY (Record no. 191596)

MARC details
000 -LEADER
fixed length control field 00542nam a2200205Ia 4500
003 - CONTROL NUMBER IDENTIFIER
control field OSt
005 - DATE AND TIME OF LATEST TRANSACTION
control field 20260122122934.0
020 ## - INTERNATIONAL STANDARD BOOK NUMBER
International Standard Book Number 8-8006-2518-1
040 ## - CATALOGING SOURCE
Transcribing agency LC
050 ## - LIBRARY OF CONGRESS CALL NUMBER
Classification number QH 308.2 .R38 1986
Item number 1
100 ## - MAIN ENTRY--PERSONAL NAME
Personal name RAVEN, PETER H
245 #0 - TITLE STATEMENT
Title UNDERSTANDING BIOLOGY
250 ## - EDITION STATEMENT
Edition statement REVISED EDITION
260 ## - PUBLICATION, DISTRIBUTION, ETC.
Place of publication, distribution, etc. ST.LOUIS MISSOURI,
Name of publisher, distributor, etc. TIMES MIRROR/MOSBY COLLEGE,
Date of publication, distribution, etc. 1986,
300 ## - PHYSICAL DESCRIPTION
Extent XXXii, 799 P, ILL
500 ## - GENERAL NOTE
General note INCLUDES BIBLIOGRAPHICAL REFERENCES AND INDEX
650 ## - SUBJECT ADDED ENTRY--TOPICAL TERM
Topical term or geographic name entry element Biology
700 ## - ADDED ENTRY--PERSONAL NAME
Personal name JOHNSON GEORGE B
942 ## - ADDED ENTRY ELEMENTS (KOHA)
Koha item type Long Loan Book
Source of classification or shelving scheme Library of Congress Classification
Holdings
Withdrawn status Lost status Source of classification or shelving scheme Damaged status Not for loan Collection Home library Current library Shelving location Date acquired Inventory number Total checkouts Full call number Barcode Date last seen Date last checked out Copy number Price effective from Koha item type
    Library of Congress Classification     Science & Technology Kisii University Library Kisii University Library On Display 09/15/2023 56869 1 HF 308.2 .R 38 1986 035041 04/02/2024 03/15/2024 1 09/15/2023 Long Loan Book